Svetový fenomén už aj na slovenskom trhu rakúsky investor buduje na Slovensku sieť nákupných centier

Vznik prvých supermarketov na Slovensku. Charakteristika supermarketu. Prevádzkovatelia siete supermarketov na Slovensku. Princíp hypermarketov a nákupných centier. Rozširovanie siete rakúskych supermarketov na Slovensku.

Enregistré dans:
Détails bibliographiques
Auteur principal: Kurtanský, Tomáš
Format: Livre
Langue:slovaque
Sujets:
Tags: Ajouter un tag
Pas de tags, Soyez le premier à ajouter un tag!

MARC

LEADER 00000nam a2200000 4500
001 r030847
005 20251104124746.8
041 0 |a slo 
044 |a SK 
245 1 0 |a Svetový fenomén už aj na slovenskom trhu  |b rakúsky investor buduje na Slovensku sieť nákupných centier  |c Tomáš Kurtanský 
520 |a Vznik prvých supermarketov na Slovensku. Charakteristika supermarketu. Prevádzkovatelia siete supermarketov na Slovensku. Princíp hypermarketov a nákupných centier. Rozširovanie siete rakúskych supermarketov na Slovensku. 
610 2 0 |a supermarkety 
610 2 0 |a maloobchod 
610 2 0 |a Slovensko 
610 2 0 |a Rakúsko 
100 1 |a Kurtanský, Tomáš